=LDR 00000nam 2200000 4500 =001 INLIS000000000810581 =005 20260610082320 =035 ##$$a 0010-0626000018 =007 ta =008 260610################g##########0#ind## =020 ##$$a 9786238463039*-- =082 ##$$a 923.2598 =084 ##$$a 923.2598 PUT m =100 #$$a Puthut EA =245 1#$$a Mentalitet Korea Jalan Ksatria =250 ##$$a Cet 5 =260 ##$$a Sleman :$b Buku Mojok,$c 2025 =300 ##$$a xi + 114 hlm : $b ilustrasi ; $c 13 x 19 cm =500 ##$$a Buku ini merupakan hibah dari santri kelas XII Angkatan 3 =600 #4$$a Biografi tokoh politik Indonesia